Countries by First 2 Letters in Western European Languages - Statistics

General Stats
  • This quiz has been taken 3,388 times
  • The average score is 665 of 1176
Answers on the Map
Answers color-coded by a green-red scale on the quiz's map according to % correct below.
 
Answer Stats
Hint Hint Country % Correct
326.7 206.9 Cabo Verde
92%
407 247 Camarões
92%
616 219.1 Cambodge
92%
616 219.1 Cambodia
92%
616 219.1 Cambogia
92%
616 219.1 Camboja
92%
616 219.1 Camboya
92%
407 247 Cameroon
92%
407 247 Cameroun
92%
407 247 Camerun
92%
407 247 Camerún
92%
143 66 Canada
92%
143 66 Canadá
92%
326.7 206.9 Cape Verde
92%
326.7 206.9 Capo Verde
92%
326.7 206.9 Cap-Vert
92%
495.7 176.2 Catar
92%
533 100 Cazaquistão
92%
422.6 209.4 Chad
92%
422.6 209.4 Chade
92%
218 384 Chile
92%
218 384 Chili
92%
615 140.9 China
92%
615 140.9 Chine
92%
455.3 143.7 Chipre
92%
455.3 143.7 Chypre
92%
447.8 267.7 Ruanda
91%
436.7 107.1 Rumania
91%
436.7 107.1 Rumänien
91%
577 52 Rusia
91%
577 52 Russia
91%
577 52 Rússia
91%
577 52 Russie
91%
577 52 Russland
91%
424.4 103.1 Ungarn
87%
424.4 103.1 Ungheria
87%
502 182.5 United Arab Emirates
87%
377 86 United Kingdom
87%
153 129 United States
87%
266 294 Brasil
86%
266 294 Brasile
86%
266 294 Brasilien
86%
266 294 Brazil
86%
266 294 Brésil
86%
638.6 246.1 Brunei
86%
638.6 246.1 Brunéi
86%
482.1 179.9 Arabia Saudita
84%
482.1 179.9 Arábia Saudita
84%
482.1 179.9 Arabie Saoudite
84%
384.2 167.2 Argélia
84%
384.2 167.2 Argelia
84%
234 373 Argentina
84%
234 373 Argentine
84%
234 373 Argentinien
84%
480.5 125 Armenia
84%
480.5 125 Armênia
84%
480.5 125 Arménie
84%
480.5 125 Armenien
84%
386 105 França
83%
386 105 France
83%
386 105 Francia
83%
386 105 Frankreich
83%
665.7 127 Nordkorea
82%
665.7 127 North Korea
82%
401.7 57 Noruega
82%
401.7 57 Norvège
82%
401.7 57 Norvegia
82%
401.7 57 Norway
82%
401.7 57 Norwegen
82%
776.7 391.9 Nouvelle-Zélande
82%
776.7 391.9 Nova Zelândia
82%
467 309.5 Moçambique
80%
444.4 102 Moldavia
80%
444.4 102 Moldávia
80%
444.4 102 Moldavie
80%
444.4 102 Moldawien
80%
444.4 102 Moldova
80%
397.2 114.5 Monaco
80%
397.2 114.5 Mônaco
80%
397.2 114.5 Mónaco
80%
614.2 104.1 Mongolei
80%
614.2 104.1 Mongolia
80%
614.2 104.1 Mongólia
80%
614.2 104.1 Mongolie
80%
423.7 117.8 Montenegro
80%
423.7 117.8 Monténégro
80%
366 153.5 Morocco
80%
467 309.5 Mosambik
80%
467 309.5 Mozambico
80%
467 309.5 Mozambique
80%
433 267.2 Democratic Republic of the Congo
79%
433 267.2 Demokratische Republik Kongo
79%
401.5 73.5 Denmark
79%
404 89.9 Deutschland
79%
151 182 Messico
79%
151 182 Mexico
79%
151 182 México
79%
151 182 Mexiko
79%
151 182 Mexique
79%
393 86.9 Paesi Bassi
79%
393 86.9 Países Baixos
79%
393 86.9 Países Bajos
79%
535.7 164.2 Pakistan
79%
535.7 164.2 Pakistán
79%
680.5 241.3 Palaos
79%
680.5 241.3 Palau
79%
198 232.5 Panama
79%
198 232.5 Panamá
79%
703.7 282.4 Papouasie-Nouvelle- Guinée
79%
703.7 282.4 Papua-Neuguinea
79%
703.7 282.4 Papua New Guinea
79%
703.7 282.4 Papua Nova Guiné
79%
703.7 282.4 Papua Nueva Guinea
79%
703.7 282.4 Papua Nuova Guinea
79%
535.7 164.2 Paquistão
79%
248.9 339.7 Paraguai
79%
248.9 339.7 Paraguay
79%
393 86.9 Pays-Bas
79%
683 342 Australia
78%
683 342 Austrália
78%
683 342 Australie
78%
683 342 Australien
78%
414.2 100.9 Austria
78%
414.2 100.9 Áustria
78%
414.2 100.9 Autriche
78%
429.5 121.7 Macédoine
78%
429.5 121.7 Macedonia
78%
429.5 121.7 Macedónia
78%
486 324.3 Madagascar
78%
486 324.3 Madagáscar
78%
486 324.3 Madagaskar
78%
610.3 247.2 Malaisie
78%
610.3 247.2 Malásia
78%
610.3 247.2 Malasia
78%
456 307 Malaui
78%
456 307 Malawi
78%
610.3 247.2 Malaysia
78%
545.9 248.9 Maldivas
78%
545.9 248.9 Maldive
78%
545.9 248.9 Maldives
78%
545.9 248.9 Malediven
78%
610.3 247.2 Malesia
78%
377 202.2 Mali
78%
377 202.2 Malí
78%
412.9 141.1 Malta
78%
412.9 141.1 Malte
78%
366 153.5 Maroc
78%
366 153.5 Marocco
78%
366 153.5 Marokko
78%
366 153.5 Marrocos
78%
366 153.5 Marruecos
78%
760.6 232.2 Marshallinseln
78%
760.6 232.2 Marshall Islands
78%
354 195.5 Mauretanien
78%
510.1 329.1 Maurícia
78%
510.1 329.1 Mauricio
78%
354 195.5 Mauritania
78%
354 195.5 Mauritânia
78%
354 195.5 Mauritanie
78%
510.1 329.1 Mauritius
78%
429.5 121.7 Mazedonien
78%
423.6 87.1 Poland
78%
423.6 87.1 Polen
78%
423.6 87.1 Pologne
78%
423.6 87.1 Polonia
78%
423.6 87.1 Polônia
78%
361.7 127.6 Portogallo
78%
361.7 127.6 Portugal
78%
423 98 Eslováquia
77%
423 98 Eslovaquia
77%
413 106.5 Eslovénia
77%
413 106.5 Eslovenia
77%
372 127.5 Espagne
77%
372 127.5 España
77%
372 127.5 Espanha
77%
717.7 235.2 Estados Federados de Micronesia
77%
717.7 235.2 Estados Federados da Micronésia
77%
153 129 Estados Unidos
77%
439 64.8 Estland
77%
439 64.8 Estonia
77%
439 64.8 Estônia
77%
439 64.8 Estonie
77%
216.3 247.5 Colombia
76%
216.3 247.5 Colômbia
76%
216.3 247.5 Colombie
76%
479.4 301.4 Comoras
76%
479.4 301.4 Comores
76%
479.4 301.4 Comoros
76%
665.7 127 Corea del Nord
76%
665.7 127 Corea del Norte
76%
669 139 Corea del Sud
76%
669 139 Corea del Sur
76%
665.7 127 Corée du Nord
76%
669 139 Corée du Sud
76%
665.7 127 Coréia do Norte
76%
669 139 Coréia do Sul
76%
368 235.9 Costa d'Avorio
76%
368 235.9 Costa de Marfil
76%
368 235.9 Costa do Marfim
76%
192 228 Costa Rica
76%
368 235.9 Côte d'Ivoire
76%
556 185.9 Inde
76%
556 185.9 India
76%
556 185.9 Índia
76%
556 185.9 Indien
76%
635.5 264 Indonesia
76%
635.5 264 Indonésia
76%
635.5 264 Indonésie
76%
635.5 264 Indonesien
76%
478.8 149.9 Irak
75%
501.3 152.5 Iran
75%
501.3 152.5 Irán
75%
501.3 152.5 Irão
75%
478.8 149.9 Iraq
75%
478.8 149.9 Iraque
75%
363 82.5 Ireland
75%
363 82.5 Irland
75%
363 82.5 Irlanda
75%
363 82.5 Irlande
75%
742.1 295 Solomon Islands
75%
488 230 Somalia
75%
488 230 Somália
75%
488 230 Somalie
75%
448.5 209.5 Soudan
75%
449.6 239.5 Soudan du Sud
75%
431 365 South Africa
75%
669 139 South Korea
75%
449.6 239.5 South Sudan
75%
451.3 350.1 Suazilândia
75%
451.3 350.1 Suazilandia
75%
431 365 Sudafrica
75%
431 365 Sudáfrica
75%
431 365 Südafrika
75%
448.5 209.5 Sudan
75%
448.5 209.5 Sudán
75%
449.6 239.5 Sudán del Sur
75%
448.5 209.5 Sudão
75%
449.6 239.5 Sudão do Sul
75%
669 139 Südkorea
75%
449.6 239.5 Südsudan
75%
449.6 239.5 Sud Sudan
75%
414.3 60.5 Suécia
75%
414.3 60.5 Suecia
75%
414.3 60.5 Suède
75%
398.4 103.5 Suíça
75%
398.4 103.5 Suisse
75%
398.4 103.5 Suiza
75%
254.4 248.1 Surinam
75%
254.4 248.1 Suriname
75%
782.9 320.1 Fidji
74%
782.9 320.1 Fidschi
74%
782.9 320.1 Figi
74%
782.9 320.1 Fiji
74%
657 220.6 Filipinas
74%
657 220.6 Filippine
74%
437 52 Finland
74%
437 52 Finlande
74%
437 52 Finlandia
74%
437 52 Finlândia
74%
437 52 Finnland
74%
782.9 320.1 Fiyi
74%
451.3 350.1 Swasiland
74%
451.3 350.1 Swaziland
74%
414.3 60.5 Sweden
74%
398.4 103.5 Switzerland
74%
425.5 124 Albania
73%
425.5 124 Albânia
73%
425.5 124 Albanie
73%
425.5 124 Albanien
73%
404 89.9 Alemanha
73%
404 89.9 Alemania
73%
384.2 167.2 Algeria
73%
384.2 167.2 Algérie
73%
384.2 167.2 Algerien
73%
404 89.9 Allemagne
73%
236 319 Bolivia
73%
236 319 Bolívia
73%
236 319 Bolivie
73%
236 319 Bolivien
73%
421 113 Bosnia and Herzegovina
73%
421 113 Bosnia ed Erzegovina
73%
421 113 Bósnia e Herzegovina
73%
421 113 Bosnia y Herzegovina
73%
421 113 Bosnie-Herzégovine
73%
421 113 Bosnien und Herzegowina
73%
435 336.1 Botsuana
73%
435 336.1 Botswana
73%
616 219.1 Kambodscha
73%
407 247 Kamerun
73%
143 66 Kanada
73%
326.7 206.9 Kap Verde
73%
533 100 Kasachstan
73%
495.7 176.2 Katar
73%
533 100 Kazajistán
73%
533 100 Kazakhstan
73%
533 100 Kazakistan
73%
206 200.2 Jamaica
72%
206 200.2 Jamaika
72%
206 200.2 Jamaïque
72%
693.3 140 Japan
72%
693.3 140 Japão
72%
693.3 140 Japon
72%
693.3 140 Japón
72%
372 127.5 Spagna
72%
372 127.5 Spain
72%
372 127.5 Spanien
72%
443.4 81.2 Belarus
68%
391 91 Bélgica
68%
391 91 Belgien
68%
391 91 Belgio
68%
391 91 Belgique
68%
391 91 Belgium
68%
180.9 203.6 Belice
68%
180.9 203.6 Belize
68%
385.7 225 Benim
68%
385.7 225 Benin
68%
385.7 225 Bénin
68%
385.7 225 Benín
68%
450.6 96 Ukraine
68%
479 120 Georgia
67%
479 120 Geórgia
67%
479 120 Géorgie
67%
479 120 Georgien
67%
404 89.9 Germania
67%
404 89.9 Germany
67%
461.7 146.8 Liban
67%
461.7 146.8 Libano
67%
461.7 146.8 Líbano
67%
461.7 146.8 Libanon
67%
359.2 239.6 Liberia
67%
359.2 239.6 Libéria
67%
419.3 172.9 Libia
67%
419.3 172.9 Líbia
67%
419.3 172.9 Libya
67%
419.3 172.9 Libye
67%
419.3 172.9 Libyen
67%
402 103.1 Liechtenstein
67%
434.3 76.3 Litauen
67%
434.3 76.3 Lithuania
67%
434.3 76.3 Lituania
67%
434.3 76.3 Lituânia
67%
434.3 76.3 Lituanie
67%
569.8 166.5 Nepal
67%
569.8 166.5 Népal
67%
393 86.9 Netherlands
67%
776.7 391.9 Neuseeland
67%
776.7 391.9 New Zealand
67%
208 292 Pérou
67%
208 292 Peru
67%
208 292 Perù
67%
208 292 Perú
67%
401 148 Tunesien
66%
401 148 Túnez
66%
401 148 Tunisia
66%
401 148 Tunísia
66%
401 148 Tunisie
66%
460.3 130.6 Turchia
66%
460.3 130.6 Türkei
66%
460.3 130.6 Turkey
66%
513 130.6 Turkmenistan
66%
513 130.6 Turkménistan
66%
513 130.6 Turkmenistán
66%
513 130.6 Turquemenistão
66%
460.3 130.6 Turquia
66%
460.3 130.6 Turquía
66%
460.3 130.6 Turquie
66%
804.5 282.8 Tuvalu
66%
416.4 124.2 Italia
64%
416.4 124.2 Itália
64%
416.4 124.2 Italie
64%
416.4 124.2 Italien
64%
416.4 124.2 Italy
64%
188.2 218.1 Nicaragua
63%
188.2 218.1 Nicarágua
63%
393 86.9 Niederlande
63%
403.3 203.9 Niger
63%
403.3 203.9 Níger
63%
398 230.8 Nigeria
63%
398 230.8 Nigéria
63%
239.4 203.4 Saint-Christophe- et-Niévès
62%
243.2 214.6 Sainte-Lucie
62%
239.4 203.4 Saint Kitts and Nevis
62%
239.4 203.4 Saint Kitts e Nevis
62%
243.2 214.6 Saint Lucia
62%
408.5 113.9 Saint-Marin
62%
242.7 216.8 Saint Vincent and the Grenadines
62%
242.7 216.8 Saint Vincent e Grenadine
62%
242.7 216.8 Saint-Vincent-et-les- Grenadines
62%
742.1 295 Salomon
62%
742.1 295 Salomonen
62%
180.4 215 Salvador
62%
438 310 Sambia
62%
802.8 307.7 Samoa
62%
239.4 203.4 San Cristóbal y Nieves
62%
408.5 113.9 San Marino
62%
243.2 214.6 Santa Lucia
62%
243.2 214.6 Santa Lúcia
62%
243.2 214.6 Santa Lucía
62%
395.5 260.6 Santo Tomé y Príncipe
62%
242.7 216.8 San Vicente y las Granadinas
62%
239.4 203.4 São Cristóvão e Nevis
62%
395.5 260.6 São Tomé and Príncipe
62%
395.5 260.6 Sao Tome e Principe
62%
395.5 260.6 São Tomé e Príncipe
62%
395.5 260.6 Sao Tomé-et-Principe
62%
395.5 260.6 São Tomé und Príncipe
62%
242.7 216.8 São Vicente e Granadinas
62%
482.1 179.9 Saudi Arabia
62%
482.1 179.9 Saudi-Arabien
62%
232 235 Venezuela
61%
502 182.5 Vereinigte Arabische Emirate
61%
377 86 Vereinigtes Königreich
61%
153 129 Vereinigte Staaten
61%
447 171.3 Egipto
59%
447 171.3 Egito
59%
447 171.3 Egitto
59%
447 171.3 Egypt
59%
447 171.3 Égypte
59%
384 118.7 Andorra
55%
384 118.7 Andorre
55%
420 301.2 Angola
55%
241.4 204 Antigua and Barbuda
55%
241.4 204 Antigua e Barbuda
55%
241.4 204 Antígua e Barbuda
55%
241.4 204 Antigua-et-Barbuda
55%
241.4 204 Antigua und Barbuda
55%
241.4 204 Antigua y Barbuda
55%
341 43 Iceland
55%
610.3 194.9 Laos
55%
438 70.6 Latvia
55%
209 180.9 Bahamas
53%
494.3 174 Bahrain
53%
494.3 174 Bahreïn
53%
494.3 174 Bahrein
53%
583 181.8 Bangladés
53%
583 181.8 Bangladesch
53%
583 181.8 Bangladesh
53%
246.5 217 Barbade
53%
246.5 217 Barbados
53%
494.3 174 Baréin
53%
177.4 210 Guatemala
53%
248 242 Guiana
53%
353.3 224.2 Guiné
53%
353.3 224.2 Guinea
53%
347.7 220.3 Guinea-Bissau
53%
404 255.8 Guinea Ecuatorial
53%
404 255.8 Guinea Equatoriale
53%
347.7 220.3 Guiné-Bissau
53%
353.3 224.2 Guinée
53%
347.7 220.3 Guinée-Bissau
53%
404 255.8 Guinée équatoriale
53%
404 255.8 Guiné Equatorial
53%
248 242 Guyana
53%
153 129 Etats-Unis
50%
470 234.2 Ethiopia
50%
470 234.2 Éthiopie
50%
470 234.2 Etiopia
50%
470 234.2 Etiópia
50%
470 234.2 Etiopía
50%
528 149.2 Afeganistão
49%
528 149.2 Afganistán
49%
528 149.2 Afghanistan
49%
431 365 África do Sul
49%
431 365 Afrique du Sud
49%
437.8 117.9 Bulgaria
49%
437.8 117.9 Bulgária
49%
437.8 117.9 Bulgarie
49%
437.8 117.9 Bulgarien
49%
377 219 Burkina Faso
49%
447.8 272.6 Burundi
49%
584.1 169.4 Bután
49%
584.1 169.4 Butão
49%
206 190.2 Cuba
49%
418 328 Namibia
49%
418 328 Namíbia
49%
418 328 Namibie
49%
756.2 263.4 Nauru
49%
254.9 370.2 Uruguai
49%
254.9 370.2 Uruguay
49%
204 265.5 Ecuador
48%
545.2 133.5 Tadjikistan
48%
545.2 133.5 Tadschikistan
48%
545.2 133.5 Tagikistan
48%
608 207.9 Tailândia
48%
608 207.9 Tailandia
48%
652.9 182.1 Taiwan
48%
652.9 182.1 Taïwan
48%
652.9 182.1 Taiwán
48%
545.2 133.5 Tajikistan
48%
545.2 133.5 Tajiquistão
48%
459.1 282.5 Tansania
48%
459.1 282.5 Tanzania
48%
459.1 282.5 Tanzânia
48%
459.1 282.5 Tanzanie
48%
545.2 133.5 Tayikistán
48%
241.6 220.6 Granada
47%
430 129 Grèce
47%
430 129 Grecia
47%
430 129 Grécia
47%
430 129 Greece
47%
241.6 220.6 Grenada
47%
241.6 220.6 Grenade
47%
430 129 Griechenland
47%
216.3 247.5 Kolumbien
47%
479.4 301.4 Komoren
47%
427.5 118.5 Kosovo
47%
487 162.9 Koweït
47%
436.7 107.1 Romania
45%
436.7 107.1 Romênia
45%
436.7 107.1 Roumanie
45%
377 86 Royaume-Uni
45%
347 212 Senegal
45%
347 212 Sénégal
45%
427.6 113 Serbia
45%
427.6 113 Serbie
45%
427.6 113 Serbien
45%
354 232.9 Serra Leoa
45%
427.6 113 Sérvia
45%
505.5 277 Seychellen
45%
505.5 277 Seychelles
45%
525 122.5 Usbekistan
44%
341 43 Island
40%
341 43 Islanda
40%
341 43 Islande
40%
341 43 Islândia
40%
341 43 Islandia
40%
760.6 232.2 Islas Marshall
40%
742.1 295 Islas Salomón
40%
760.6 232.2 Isole Marshall
40%
742.1 295 Isole Salomone
40%
459 157 Israel
40%
459 157 Israël
40%
459 157 Israele
40%
377 86 Regno Unito
40%
377 86 Reino Unido
40%
414 93.8 Repubblica Ceca
40%
427.6 239 Repubblica Centrafricana
40%
416.9 260.5 Repubblica del Congo
40%
433 267.2 Repubblica Democratica del Congo
40%
221 197 Repubblica Dominicana
40%
427.6 239 República Centro-Africana
40%
427.6 239 República Centroafricana
40%
414 93.8 República Checa
40%
429.5 121.7 República de Macedonia
40%
416.9 260.5 República del Congo
40%
433 267.2 República Democrática del Congo
40%
433 267.2 República Democrática do Congo
40%
416.9 260.5 República do Congo
40%
221 197 República Dominicana
40%
416.9 260.5 Republic of the Congo
40%
416.9 260.5 Republik Kongo
40%
427.6 239 République Centrafricaine
40%
433 267.2 République démocratique du Congo
40%
221 197 République dominicaine
40%
416.9 260.5 République du Congo
40%
414 93.8 République tchèque
40%
608 207.9 Thailand
40%
608 207.9 Thaïlande
40%
608 207.9 Thailandia
40%
401.5 73.5 Danemark
39%
401.5 73.5 Dänemark
39%
401.5 73.5 Danimarca
39%
184.5 210.7 Honduras
38%
424.4 103.1 Hongrie
38%
461.7 146.8 Lebanon
38%
444 360.5 Lesotho
38%
444 360.5 Lesoto
38%
438 70.6 Letónia
38%
438 70.6 Letonia
38%
438 70.6 Lettland
38%
438 70.6 Lettonia
38%
438 70.6 Lettonie
38%
624.3 219.9 Vietnam
38%
624.3 219.9 Viêt Nam
38%
624.3 219.9 Vietname
38%
509.33 187.2 Omã
37%
509.33 187.2 Oman
37%
509.33 187.2 Omán
37%
488.3 208.2 Yemen
37%
488.3 208.2 Yémen
37%
242.4 209.5 Dominica
36%
221 197 Dominican Republic
36%
221 197 Dominikanische Republik
36%
242.4 209.5 Dominique
36%
218 196 Haiti
36%
218 196 Haïti
36%
218 196 Haití
36%
657 220.6 Philippinen
35%
657 220.6 Philippines
35%
548 122 Kirghizistan
33%
548 122 Kirgisistan
33%
548 122 Kirguistán
33%
21 272 Kiribati
33%
597 188.5 Myanmar
32%
354 232.9 Sierra Leona
32%
354 232.9 Sierra Leone
32%
447 325 Simbabwe
32%
614.2 256.7 Singapore
32%
614.2 256.7 Singapour
32%
614.2 256.7 Singapur
32%
614.2 256.7 Singapura
32%
467 143 Siria
32%
467 143 Síria
32%
438 310 Zambia
32%
438 310 Zâmbia
32%
438 310 Zambie
32%
422.6 209.4 Ciad
31%
218 384 Cile
31%
615 140.9 Cina
31%
455.3 143.7 Cipro
31%
408.5 120.7 Città del Vaticano
31%
408.5 120.7 Ciudad del Vaticano
31%
368 235.9 Elfenbeinküste
31%
180.4 215 El Salvador
31%
427.6 239 Central African Republic
30%
465.8 259.9 Kenia
30%
465.8 259.9 Kenya
30%
447 325 Zimbábue
30%
447 325 Zimbabue
30%
447 325 Zimbabwe
30%
525 122.5 Uzbekistan
29%
525 122.5 Uzbekistán
29%
525 122.5 Uzbequistão
29%
406.5 264 Gabão
28%
406.5 264 Gabon
28%
406.5 264 Gabón
28%
406.5 264 Gabun
28%
344 216 Gambia
28%
344 216 Gâmbia
28%
344 216 Gambie
28%
378.2 234.5 Gana
28%
717.7 235.2 Micronésie
27%
383 232.4 Togo
27%
798.1 328.7 Tonga
27%
206 190.2 Kuba
26%
487 162.9 Kuwait
26%
487 162.9 Kuweit
26%
548 122 Kyrgyzstan
26%
418 108 Croácia
25%
418 108 Croacia
25%
418 108 Croatia
25%
418 108 Croatie
25%
418 108 Croazia
25%
424.4 103.1 Hungary
25%
424.4 103.1 Hungria
25%
424.4 103.1 Hungría
25%
414 93.8 Czech Republic
24%
204 265.5 Equador
24%
204 265.5 Équateur
24%
404 255.8 Equatorial Guinea
24%
466.3 209.2 Eritrea
24%
466.3 209.2 Eritreia
24%
466.3 209.2 Érythrée
24%
584.1 169.4 Bhoutan
23%
584.1 169.4 Bhutan
23%
443.4 81.2 Bielorrusia
23%
443.4 81.2 Bielorrússia
23%
443.4 81.2 Bielorussia
23%
443.4 81.2 Biélorussie
23%
597 188.5 Birma
23%
597 188.5 Birmania
23%
597 188.5 Birmânia
23%
597 188.5 Birmanie
23%
462.3 158.9 Jordan
23%
462.3 158.9 Jordânia
23%
462.3 158.9 Jordania
23%
462.3 158.9 Jordanie
23%
462.3 158.9 Jordanien
23%
423 98 Slovacchia
23%
423 98 Slovakia
23%
423 98 Slovaquie
23%
413 106.5 Slovenia
23%
413 106.5 Slovénie
23%
423 98 Slowakei
23%
413 106.5 Slowenien
23%
755.5 318.6 Vanuatu
23%
408.5 120.7 Vatican
23%
408.5 120.7 Vatican City
23%
408.5 120.7 Vaticano
23%
408.5 120.7 Vatikanstadt
23%
378.2 234.5 Ghana
22%
394.3 94.2 Lussemburgo
22%
394.3 94.2 Luxembourg
22%
394.3 94.2 Luxemburg
22%
394.3 94.2 Luxemburgo
22%
562 235.3 Sri Lanka
22%
467 143 Syria
22%
467 143 Syrie
22%
467 143 Syrien
22%
717.7 235.2 Stati Federati di Micronesia
21%
153 129 Stati Uniti
21%
239.4 203.4 St. Kitts und Nevis
21%
243.2 214.6 St. Lucia
21%
242.7 216.8 St. Vincent und die Grenadinen
21%
401.5 73.5 Dinamarca
20%
414.3 60.5 Svezia
20%
398.4 103.5 Svizzera
20%
487.6 125 Azerbaïdjan
18%
487.6 125 Azerbaijan
18%
487.6 125 Azerbaijão
18%
487.6 125 Azerbaiyán
18%
776.7 391.9 Nueva Zelanda
18%
776.7 391.9 Nuova Zelanda
18%
495.7 176.2 Qatar
16%
453.1 256.6 Uganda
16%
447 171.3 Ägypten
15%
414.3 60.5 Schweden
15%
398.4 103.5 Schweiz
15%
717.7 235.2 Federated States of Micronesia
14%
206 200.2 Giamaica
14%
693.3 140 Giappone
14%
476.4 221.6 Gibuti
14%
462.3 158.9 Giordania
14%
455.3 143.7 Cyprus
13%
476.4 221.6 Djibouti
13%
242.5 226.6 Trinidad and Tobago
13%
242.5 226.6 Trinidad e Tobago
13%
242.5 226.6 Trinidad und Tobago
13%
242.5 226.6 Trinidad y Tobago
13%
242.5 226.6 Trinité-et-Tobago
13%
488.3 208.2 Jemen
12%
447.8 267.7 Rwanda
12%
422.6 209.4 Tchad
12%
664.3 290.8 Timor Est
12%
664.3 290.8 Timor Leste
12%
664.3 290.8 Timor oriental
12%
664.3 290.8 Timor Oriental
12%
422.6 209.4 Tschad
12%
414 93.8 Tschechien
12%
450.6 96 Ucraina
12%
450.6 96 Ucrânia
12%
450.6 96 Ucrania
12%
443.4 81.2 Weißrussland
12%
487.6 125 Aserbaidschan
11%
664.3 290.8 East Timor
11%
427.6 239 Zentralafrikanische Republik
11%
470 234.2 Äthiopien
10%
368 235.9 Ivory Coast
10%
414.2 100.9 Österreich
10%
664.3 290.8 Osttimor
10%
717.7 235.2 Föderierte Staaten von Mikronesien
9%
502 182.5 Emirados Árabes Unidos
8%
502 182.5 Emirati Arabi Uniti
8%
502 182.5 Emiratos Árabes Unidos
8%
502 182.5 Émirats arabes unis
8%
418 108 Kroatien
8%
465.8 259.9 Quênia
8%
548 122 Quirguistão
8%
488.3 208.2 Iémen
7%
510.1 329.1 Île Maurice
7%
760.6 232.2 Îles Marshall
7%
760.6 232.2 Ilhas Marshall
7%
742.1 295 Ilhas Salomão
7%
453.1 256.6 Ouganda
7%
525 122.5 Ouzbékistan
7%
404 255.8 Äquatorial-Guinea
4%
455.3 143.7 Zypern
4%
476.4 221.6 Dschibuti
3%
476.4 221.6 Yibuti
3%
No matching quizzes found
Score Distribution
Percent of People with Each Score
Percentile by Number Answered
Your Score History
You have not taken this quiz